| 000 | 00726nam a22001697a 4500 | ||
|---|---|---|---|
| 008 | 120815t xxu||||| |||| 00| 0 eng d | ||
| 020 | _a0072836180 | ||
| 050 | _aTK5105.8885.M57 | ||
| 100 | _aMercer, Dave | ||
| 245 |
_aProgramming the web using visual studio.NET / _cDave Mercer |
||
| 260 |
_aBoston: _bMcGraw Hill, _cc2003. |
||
| 300 |
_axiii, 466 p.: _bill.; _c23cm. |
||
| 500 | _aIncludes index. | ||
| 505 | _aContents: Visual studio.NET -- Programming -- XML -- Exploring VS.NET -- Macros and debugging -- Application concepts -- Databases -- Data-driven applications -- Running applications -- XML web services -- Web applications -- Development processes. | ||
| 650 | _bProgramming(computer science) | ||
| 942 |
_2lcc _cBK |
||
| 999 |
_c2031 _d9531 |
||